Global forest resources

Bibliographic Details
Main Author: Mather, Alexander S
Format: Book
Published: London : Belhaven Press , 1992
Subjects:

MARC

LEADER 00000cam a2200000 7i4500
001 0000001706
002 000001857
005 20000330.0
020 |a 1852932368 
090 0 0 |a 634.9   |b MAT 
100 1 |a Mather, Alexander S 
245 1 0 |a Global forest resources   |c Alexander S. Mathev 
260 |a London :   |b Belhaven Press ,   |c 1992 
300 |a 341p. :   |b ill ;   |c 23cm. 
650 0 0 |a Forest and forestry 
650 0 0 |a Forest conservation 
650 0 0 |a Forest management 
999 |a 034096   |b BUKU   |c RUJUKAN   |e PERPUSTAKAAN KOMUNITI PETALING JAYA